| 000 | 005580000a22001810004500 | ||
|---|---|---|---|
| 003 | MACL | ||
| 005 | 20150804125339.0 | ||
| 008 | 150804b xxu||||| |||| 00| 0 eng d | ||
| 040 |
_aMACL _cMACL |
||
| 041 | _aEnglish | ||
| 082 | _a390/PAU | ||
| 100 |
_aThe Ramakrishna Mission Institute of Culture _94551 |
||
| 245 |
_aThe Perennial Values of Indian Culture _bA Collection of Annual Surrendra Paul Lectures |
||
| 260 |
_bThe Ramakrishna Mission Institute of Culture _c2008 _aKolkata |
||
| 350 | _a125 | ||
| 650 |
_aCustoms _94260 |
||
| 942 |
_cBK _k390/PAU _2ddc |
||
| 999 |
_c42970 _d42970 |
||